| 000 | 00638nam a2200241Ia 4500 | ||
|---|---|---|---|
| 008 | 160319s9999 xx 000 0 und d | ||
| 020 | _a0-439154049 | ||
| 050 | _aFic | ||
| 050 | _b.B238o 1999 | ||
| 100 | _aBarbo, Maria S. | ||
| 245 | 4 | _aThe official Pokémon handbook / | |
| 260 | _aNew York : | ||
| 260 | _bScholastic, Inc., | ||
| 260 | _c1999 | ||
| 300 | _a156 pages; | ||
| 300 | _bfolded leaf of plates : color illustrations ; | ||
| 300 | _c23 cm. | ||
| 650 | _aPokémon (Game) | ||
| 650 | _aPokémon (Game) -- | ||
| 650 | _aVideo games -- | ||
| 650 | _xJuvenile literature. | ||
| 650 | _xJuvenile literature. | ||
| 999 |
_c292025 _d292025 |
||